000 00540nam a22001937a 4500
999 _c7712
_d7712
003 OSt
005 20220218165924.0
008 220218b ||||| |||| 00| 0 eng d
020 _a9781590306604
040 _cDDC
082 _a296.7 GOL 2009
100 _aGoldstein, Rabbi Niles Elliot
_915747
245 _aThe Challenge of the Soul:
_bA Guide for the Spiritual Warrior
260 _aBoston:
_bTrumpeter;
_c2009,
300 _a180p.;
_c23cm.
504 _aIncludes Index.
650 _aSpirituality-Judaism.
_915748
942 _2ddc
_cBOOK